INVERSE SEMIRINGS WHOSE ADDITIVE ENDOMORPHISMS ARE MULTIPLICATIVE

Bibliographic Details
Main Author: Pondělíček, Bedřich (Author)
Format: Article
Language:English

MARC

LEADER 00000nab a2200000uu 4500
001 vtls011451133
003 SK-MaSNL
005 20260303153951.0
008 230222|1996 xo |||||||||||||||||eng|
015 |a SNBRB 
035 |a (urnnbn)urn:nbn:sk:snk:ar-006kh6 
035 |a (uuid)e8bbe10a-11f1-426d-ad41-123af8fe4279 
035 |a urn:nbn:sk:snk-abcn5w 
040 |a SNKBUCL  |b slo  |c SNKBUCL  |e AACR2 
041 0 |a eng 
044 |a xo  |c SK 
100 1 |a Pondělíček, Bedřich  |4 aut  |9 1161821 
245 1 0 |a INVERSE SEMIRINGS WHOSE ADDITIVE ENDOMORPHISMS ARE MULTIPLICATIVE  |c Bedřich Pondělíček 
773 0 |t Mathematica Slovaca  |g Roč. 46, č. 5 (1996), s. 525-529 
958 |a OND 
958 |a EUIPO 
958 |a article16 
999 |c 2031041  |d 2032971